<?xml version="1.0" encoding="UTF-8"?>
<marc:record xmlns:marc="http://www.loc.gov/MARC21/slim">
   <marc:leader>00000nam a2200000 a 4500</marc:leader>
   <marc:datafield ind1="1" ind2=" " tag="100">
      <marc:subfield code="a">Pilz, Ingrid</marc:subfield>
      <marc:subfield code="4">ctb</marc:subfield>
      <marc:subfield code="e">Mitwirkende/-r</marc:subfield>
   </marc:datafield>
   <marc:datafield ind1=" " ind2=" " tag="653">
      <marc:subfield code="a">Bergwandern</marc:subfield>
   </marc:datafield>
   <marc:datafield ind1=" " ind2=" " tag="653">
      <marc:subfield code="a">Aktivreisen/Europa</marc:subfield>
   </marc:datafield>
   <marc:datafield ind1=" " ind2=" " tag="653">
      <marc:subfield code="a">Führer</marc:subfield>
   </marc:datafield>
   <marc:datafield ind1="0" ind2="0" tag="245">
      <marc:subfield code="a">Julische Alpen</marc:subfield>
   </marc:datafield>
   <marc:datafield ind1="0" ind2="0" tag="245">
      <marc:subfield code="b">100 erlebnisreiche Wanderungen und Bergtouren ; mit Tourenführer</marc:subfield>
   </marc:datafield>
   <marc:datafield ind1="0" ind2="0" tag="245">
      <marc:subfield code="c">Ingrid Pilz</marc:subfield>
   </marc:datafield>
   <marc:datafield ind1=" " ind2="1" tag="264">
      <marc:subfield code="a">Klagenfurt</marc:subfield>
      <marc:subfield code="b">Verl. Carinthia</marc:subfield>
      <marc:subfield code="c">2008</marc:subfield>
   </marc:datafield>
   <marc:datafield ind1="1" ind2=" " tag="520">
      <marc:subfield code="a">Angaben aus der Verlagsmeldung

Julische Alpen : 100 erlebnisreiche Wanderungen und Bergtouren / von Ingrid Pilz

Ingrid Pilz präsentiert in ihrem neuen Buch die faszinierende Bergwelt der Julischen Alpen und den idyllischen Naturpark Julische Voralpen. Leichte Wanderungen führen durch fantastische Karstregionen mit ihren Quellen, die durch riesige Tore aus dem Fels treten und in eindrucksvollen Wasserfällen zu Tal stürzen; in kristallklaren Bergseen spiegeln sich mächtige Felswände und markante Gipfel. Viele Berge sind in leichten Wanderungen zu erreichen, nur auf die höchsten Erhebungen leiten anspruchsvollere Touren oder leichte Klettersteige. Die 100 Routenvorschläge richten sich nicht nur an Bergsteiger und Klettersteiggeher, sondern bieten vor allem Wanderern eine Fülle erlebnisreicher Touren zu fast jeder Jahreszeit. Informative Texte über Flora, Fauna, Sehenswürdigkeiten und Brauchtum in diesem Natur- und Kulturraum der Südlichen Kalkalpen machen jede Wanderung zu einem umfassenden Erlebnis.
Der herausnehmbare Tourenführer im Taschenformat enthält für jede Route eine exakte Wegbeschreibung, Ausschnitt einer Wanderkarte und Angaben über Schwierigkeit, Unterkunft und Einkehr.
</marc:subfield>
   </marc:datafield>
   <marc:datafield ind1=" " ind2=" " tag="020">
      <marc:subfield code="a">9783853786291</marc:subfield>
      <marc:subfield code="9">9783853786291</marc:subfield>
   </marc:datafield>
   <marc:datafield ind1=" " ind2=" " tag="041">
      <marc:subfield code="a">ger</marc:subfield>
   </marc:datafield>
   <marc:datafield ind1=" " ind2=" " tag="300">
      <marc:subfield code="a">191 S.</marc:subfield>
   </marc:datafield>
</marc:record>
